Auctions face turbulent year (Record no. 80648)
[ view plain ]
| 000 -LEADER | |
|---|---|
| fixed length control field | 00998cab a22001815a 4500 |
| 001 - CONTROL NUMBER | |
| control field | L144928 |
| 008 - FIXED-LENGTH DATA ELEMENTS--GENERAL INFORMATION | |
| fixed length control field | 080820s2008 xxk f s 000 0 eng d |
| 035 ## - SYSTEM CONTROL NUMBER | |
| System control number | (Sirsi) u144928 |
| 041 0# - LANGUAGE CODE | |
| Language code of text/sound track or separate title | eng |
| 100 1# - MAIN ENTRY--PERSONAL NAME | |
| Personal name | Binstock, Andrew |
| 245 00 - TITLE STATEMENT | |
| Title | Auctions face turbulent year |
| 260 ## - PUBLICATION, DISTRIBUTION, ETC. | |
| Date of publication, distribution, etc. | 2008 |
| 490 ## - SERIES STATEMENT | |
| Series statement | Property Forecast |
| Volume/sequential designation | 11(6) June 2008, 14-15(2) |
| 520 ## - SUMMARY, ETC. | |
| Summary, etc. | Discusses the UK auction market and reveals that sales are slipping despite healthy supply, hitting a three year low in March. The successful sales figure dropped to 56% in May. The Land Registry reports a fall in land values and an increase in repossessions should make this a particularly active period for auction sales. The author suggests that sellers need to revise unrealistic aspirations before an increase in sales will be seen and that cash rich investors stand to conclude some good deals in the short term. |
| 651 #4 - SUBJECT ADDED ENTRY--GEOGRAPHIC NAME | |
| Geographic name | United Kingdom |
| Chronological subdivision | |
| 690 ## - LOCAL SUBJECT ADDED ENTRY--TOPICAL TERM (OCLC, RLIN) | |
| Topical term or geographic name as entry element | PROPERTY-COMMERCIAL PROPERTY-COMMERCIAL PROPERTY MARKET |
| 942 ## - ADDED ENTRY ELEMENTS (KOHA) | |
| Suppress in OPAC | 0 |
| Withdrawn status | Lost status | Source of classification or shelving scheme | Damaged status | Not for loan | Home library | Current library | Shelving location | Date acquired | Total Checkouts | Full call number | Barcode | Date last seen | Copy number | Price effective from | Koha item type |
|---|---|---|---|---|---|---|---|---|---|---|---|---|---|---|---|
| Dewey Decimal Classification | London | London | Journal article | 20/08/2008 | L144928 | 144928-1001 | 06/08/2019 | 1 | 06/08/2019 | Journal article |